00857 a2200085 4500001000700000040003200007245001400039520068800053650003000741122078 cEscola Canadense de Niteroi10aBellarina aLittle Charley Bear fans will adore this delightful little library. Come and meet Little Charley Bear and all of his friends in this adorable little library. Get to know all of the wonderful characters from this exciting new series including Caramel the cow, Frozo the penguin, baby bear Midge and many more! These six mini Little Charley Bear books are presented in an irresistibly cute slipcase. The backs of the six books make a jigsaw, which is perfect for little hands to play with. Join Charley Bear and his friends on more amazing adventures in the series including: Who are you today, Little Charley Bear? sound book, Sheriff Charley storybook and Up in the Air Charley Bear. 4aKindergarten's Literature